Nové prvky požiarnej bezpečnosti stavieb

Podrobná bibliografia
Hlavný autor: Škultéty, Eduard (Autor)
Médium: Článok
Jazyk:slovenčina
Predmet:

MARC

LEADER 00000nab a2200000 a 4500
001 vtls000061642
003 SK-MaSNL
005 20260304001621.0
008 220422c1980 xo 0 slo
015 |a SNBRB19rr/mm-uuuuu 
035 |a CL0071742 
040 |a SNKBUCL  |b slo  |c SNKBUCL  |e AACR2 
041 0 |a slo 
044 |a xo  |c SK 
080 |a 614.84  |2 1981 
100 1 |a Škultéty, Eduard  |4 aut  |9 5762 
245 1 0 |a Nové prvky požiarnej bezpečnosti stavieb  |c Eduard Škultéty 
650 0 7 |a požiare  |2 snkbucl  |9 1504 
650 0 7 |a požiarna ochrana  |2 snkbucl  |9 1501 
655 7 |a články z novín a časopisov  |2 snkbucl  |9 267496 
773 0 |t Požiarnik  |g Roč. 57, č. 12 (1980), s. 12 
850 |a Slovenská národná knižnica v Martine  |a MTA001 
852 |a SNK  |b KIS3GCP 
958 |a RK 
958 |a ME 
992 |a RBX 
999 |c 2537898  |d 2539828